000 00314nam a2200121Ia 4500
008 191201s2014 xx 000 0 und d
100 _aBHAVIKATTI, S. S.
245 0 _aStructural analysis Vol II
260 _aN. delhi
_bVikas Publication House
_c2014
300 _a429
650 _aB.Tech(CE)
942 _2ddc
_cBK
_028
999 _c6544
_d6544